000 00456nam a22001697a 4500
003 OSt
005 20251009014007.0
008 251009b |||||||| |||| 00| 0 eng d
020 _a978-0-446-19405-1
040 _aDWCL-Main lib.
_cOC
082 _aFic. P499f 2009
100 _aJames Patterson
245 _aThe final warning/
_cJames Patterson
260 _aNew York :
_bVision,
_cc2009.
300 _a295 pages ;
_c18 cm.
942 _2ddc
_cFIC.
_kFic.
_n0
999 _c4736
_d4736